[Event "ARG-chT8 fin email"]
[Site "LADAC email"]
[Date "2006.01.07"]
[Round "?"]
[White "Ortiz, Jorge Alberto"]
[Black "Pietrobono, Alfredo Manuel"]
[Result "1/2-1/2"]
[WhiteElo "2262"]
[BlackElo "2569"]
[PlyCount "56"]
[EventDate "2006.01.01"]
[EventType "tourn (corr)"]
[EventRounds "11"]
[EventCountry "ARG"]
[SourceTitle "Corr 2011"]
[Source "ChessBase"]
[SourceDate "2010.08.31"]
[SourceVersion "1"]
[SourceVersionDate "2010.08.31"]
[SourceQuality "1"]

1. d4 Nf6 2. c4 c5 3. Nf3 cxd4 4. Nxd4 g6 5. Nc3 Nc6 6. e4 Bg7 7. Be3 0-0 8. Be2 b6 9. f4 Nxd4 10. Bxd4 d6 11. 0-0 Bb7 12. Bf3 Qc7 13. b3 Rad8 14. Qe2 Nh5 15. Bxg7 Nxg7 16. Rad1 Qc5+ 17. Kh1 e6 18. e5 d5 19. Qe1 Nf5 20. g4 Ne7 21. Qh4 Bc6 22. cxd5 Bxd5 23. Nxd5 Nxd5 24. Rfe1 Qb4 25. Bg2 f6 26. exf6 Nxf6 27. Qg3 Rxd1 28. Rxd1 g5 1/2-1/2

[Event "ARG-chT8 fin email"]
[Site "LADAC email"]
[Date "2006.01.04"]
[Round "?"]
[White "Fontanella, Fabian"]
[Black "Ortiz, Jorge Alberto"]
[Result "1/2-1/2"]
[WhiteElo "2102"]
[BlackElo "2262"]
[PlyCount "55"]
[EventDate "2006.01.01"]
[EventType "tourn (corr)"]
[EventRounds "11"]
[EventCountry "ARG"]
[SourceTitle "Corr 2011"]
[Source "ChessBase"]
[SourceDate "2010.08.31"]
[SourceVersion "1"]
[SourceVersionDate "2010.08.31"]
[SourceQuality "1"]

1. d4 Nf6 2. c4 c6 3. Nc3 d5 4. Bg5 dxc4 5. a4 h6 6. Bh4 Qa5 7. Nf3 Ne4 8. Qc1 c5 9. Kd1 Nd6 10. d5 Nf5 11. Bg3 Nd7 12. e4 Nxg3 13. hxg3 a6 14. Bxc4 Qb4 15. Be2 g6 16. Nd2 Bg7 17. Qc2 Ne5 18. a5 Bd7 19. Qb3 Qxb3+ 20. Nxb3 Rc8 21. Nd2 Ng4 22. Bxg4 Bxg4+ 23. f3 Bd7 24. Nc4 Rd8 25. Nb6 Bd4 26. g4 e6 27. Kc2 Ke7 28. Rad1 1/2-1/2

[Event "ARG-chT8 fin email"]
[Site "LADAC email"]
[Date "2006.01.01"]
[Round "?"]
[White "Glinz, Gustavo Adolfo"]
[Black "Ortiz, Jorge Alberto"]
[Result "1/2-1/2"]
[WhiteElo "2377"]
[BlackElo "2262"]
[PlyCount "35"]
[EventDate "2006.01.01"]
[EventType "tourn (corr)"]
[EventRounds "11"]
[EventCountry "ARG"]
[SourceTitle "Corr 2011"]
[Source "ChessBase"]
[SourceDate "2010.08.31"]
[SourceVersion "1"]
[SourceVersionDate "2010.08.31"]
[SourceQuality "1"]

1. d4 d5 2. c4 c6 3. Nf3 Nf6 4. Nc3 e6 5. Bg5 Nbd7 6. cxd5 exd5 7. e3 Be7 8. Bd3 Ne4 9. Bxe7 Qxe7 10. Qc2 Ndf6 11. 0-0 0-0 12. Ne5 Nxc3 13. bxc3 c5 14. c4 dxc4 15. Bxc4 cxd4 16. exd4 Be6 17. Bxe6 Qxe6 18. Rfe1 1/2-1/2